Физика деления атомных ядер: сборник статей

Bibliographic Details
Other Authors: Перфилов Н. А. Николай Александрович (редактор)
Language:Russian
Published: Москва, Госатомиздат, 1962
Subjects:
Format: Book
KOHA link:https://koha.lib.tpu.ru/cgi-bin/koha/opac-detail.pl?biblionumber=225600

MARC

LEADER 00000nam0a2200000 4500
001 225600
005 20231101230657.0
035 |a (RuTPU)RU\TPU\book\245953 
090 |a 225600 
100 |a 20121113d1962 k y0rusy50 ca 
101 0 |a rus 
102 |a RU 
105 |a a z 001zy 
200 1 |a Физика деления атомных ядер  |e сборник статей  |f под ред. Н. А. Перфилова 
210 |a Москва  |c Госатомиздат  |d 1962 
215 |a 242 с.  |c ил. 
320 |a Библиогр. в конце ст. 
606 1 |a Атомное ядро  |x Деление  |2 stltpush  |3 (RuTPU)RU\TPU\subj\29691  |9 52967 
610 1 |a физика 
610 1 |a изотопы 
610 1 |a изучение 
610 1 |a реакции 
675 |a 539.173  |v 3 
702 1 |a Перфилов  |b Н. А.  |g Николай Александрович  |4 340 
801 1 |a RU  |b 63413507  |c 20121113 
801 2 |a RU  |b 63413507  |c 20181129  |g RCR 
942 |c BK